[Event "ITA-ch U20 26th"]
[Site "Bratto"]
[Date "2003.08.26"]
[Round "6"]
[White "Navarro, Tommaso"]
[Black "Buchicchio, Roberto"]
[Result "1/2-1/2"]
[WhiteElo "1513"]
[BlackElo "1690"]
[PlyCount "56"]
[EventDate "2003.08.21"]
[EventType "swiss"]
[EventRounds "9"]
[EventCountry "ITA"]
[SourceTitle "EXT 2007"]
[Source "ChessBase"]
[SourceDate "2006.11.23"]
[SourceVersion "1"]
[SourceVersionDate "2006.11.23"]
[SourceQuality "1"]

1. e4 b6 2. d4 Bb7 3. Nc3 e6 4. Bd3 c5 5. Bf4 Nf6 6. Nb5 d6 7. dxc5 bxc5 8. f3 Nc6 9. Ne2 Be7 10. Bc4 e5 11. Be3 0-0 12. 0-0 Kh8 13. Nbc3 Na5 14. Bb5 Ne8 15. Nd5 Bxd5 16. exd5 f5 17. Qd3 Rb8 18. c4 Nc7 19. Ba4 Rb4 20. b3 Nxc4 21. a3 Nxe3 22. axb4 Nxf1 23. Kxf1 cxb4 24. Bc6 Qb8 25. Qe3 a6 26. f4 Bf6 27. Rc1 Nb5 28. Bd7 g6 1/2-1/2

[Event "ITA-ch U20 26th"]
[Site "Bratto"]
[Date "2003.08.25"]
[Round "5"]
[White "Longo, Luigi"]
[Black "Navarro, Tommaso"]
[Result "1-0"]
[WhiteElo "1693"]
[BlackElo "1513"]
[PlyCount "120"]
[EventDate "2003.08.21"]
[EventType "swiss"]
[EventRounds "9"]
[EventCountry "ITA"]
[SourceTitle "EXT 2007"]
[Source "ChessBase"]
[SourceDate "2006.11.23"]
[SourceVersion "1"]
[SourceVersionDate "2006.11.23"]
[SourceQuality "1"]

1. d4 d5 2. Nf3 Nf6 3. c3 e6 4. Bg5 Be7 5. Nbd2 Nbd7 6. e3 0-0 7. Bd3 h6 8. Bh4 c5 9. 0-0 b6 10. e4 Bb7 11. e5 Ne4 12. Bxe7 Qxe7 13. Re1 Nxd2 14. Qxd2 f5 15. exf6 Rxf6 16. Ne5 Nxe5 17. Rxe5 Raf8 18. f3 Bc6 19. Rae1 Qd6 20. Qe2 c4 21. Bc2 Bd7 22. h4 Re8 23. h5 Re7 24. Bg6 Be8 25. Bxe8 Rxe8 26. f4 b5 27. f5 Kf7 28. g4 Re7 29. Qc2 Qd7 30. Kg2 Re8 31. b4 Re7 32. R1e3 Ke8 33. Qe2 Kf7 34. Kf3 Re8 35. Rxe6 Rexe6 36. Rxe6 Qxe6 37. Qxe6+ Rxe6 38. fxe6+ Kxe6 39. Kf4 Kf6 40. g5+ Ke6 41. Kg4 hxg5 42. Kxg5 a5 43. a3 axb4 44. axb4 Kf7 45. Kf5 Ke7 46. Ke5 Kf7 47. Kxd5 Kf6 48. Kc6 Kf5 49. d5 Ke4 50. d6 Kd3 51. d7 Kxc3 52. Kxb5 Kb3 53. d8Q c3 54. Qc8 Kb2 55. Ka5 c2 56. b5 c1Q 57. Qxc1+ Kxc1 58. b6 Kd2 59. b7 Ke3 60. b8Q Ke4 1-0

[Event "ITA-ch U20 26th"]
[Site "Bratto"]
[Date "2003.08.21"]
[Round "1"]
[White "Navarro, Tommaso"]
[Black "Ferrante, Marco"]
[Result "0-1"]
[WhiteElo "1513"]
[BlackElo "1849"]
[PlyCount "130"]
[EventDate "2003.08.21"]
[EventType "swiss"]
[EventRounds "9"]
[EventCountry "ITA"]
[SourceTitle "EXT 2007"]
[Source "ChessBase"]
[SourceDate "2006.11.23"]
[SourceVersion "1"]
[SourceVersionDate "2006.11.23"]
[SourceQuality "1"]

1. e4 e6 2. d4 d5 3. exd5 exd5 4. Nf3 Bd6 5. Nc3 c6 6. Be2 Bf5 7. 0-0 Nf6 8. Re1 0-0 9. Bg5 Nbd7 10. Bd3 Bxd3 11. Qxd3 Qc7 12. Ne2 Ne4 13. Bh4 f5 14. Qb3 h6 15. Bg3 f4 16. Nxf4 Bxf4 17. Rxe4 Bxg3 18. hxg3 Nf6 19. Re6 Qd7 20. Rae1 Rae8 21. Rxe8 Rxe8 22. Rxe8+ Nxe8 23. Ne5 Qc7 24. f4 Nf6 25. g4 Ne4 26. Qe3 Qe7 27. c4 Qh4 28. cxd5 cxd5 29. Qe2 Ng3 30. Qf3 Qh1+ 31. Kf2 Ne4+ 32. Ke2 Qg1 33. Nd3 Qxd4 34. a3 a5 35. Qe3 Qc4 36. Kf3 Qc2 37. g5 hxg5 38. fxg5 Nxg5+ 39. Qxg5 Qxd3+ 40. Qe3 Qd1+ 41. Kg3 Qh5 42. Qe6+ Kh7 43. Kf2 Qh4+ 44. Ke2 Qc4+ 45. Kf3 Qf1+ 46. Kg3 Qd3+ 47. Kh2 Qe4 48. Qh3+ Kg6 49. Qg3+ Kf6 50. Qd6+ Qe6 51. Qf4+ Kg6 52. b4 axb4 53. axb4 Kh7 54. Kg3 Kg6 55. Kh2 Qe4 56. Qg3+ Kf7 57. Qc7+ Qe7 58. Qf4+ Ke6 59. Kg3 Qd6 60. Qxd6+ Kxd6 61. Kf4 Ke6 62. g3 b5 63. g4 Kf6 64. g5+ Ke6 65. g6 Kf6 0-1

[Event "Veneto-ch qf 63rd"]
[Site "Arqua Petrarca"]
[Date "2003.05.11"]
[Round "6.32"]
[White "Zuccarello, Gianni"]
[Black "Navarro, Tommaso"]
[Result "0-1"]
[WhiteElo "1459"]
[BlackElo "1552"]
[PlyCount "55"]
[EventDate "2003.05.03"]
[EventType "swiss"]
[EventRounds "6"]
[EventCountry "ITA"]
[SourceTitle "EXT 2024"]
[Source "ChessBase"]
[SourceDate "2023.10.10"]
[SourceVersion "1"]
[SourceVersionDate "2023.10.10"]
[SourceQuality "1"]

1. d4 d5 2. c4 e6 3. Nf3 Nf6 4. Nc3 Be7 5. Qc2 0-0 6. e4 dxe4 7. Nxe4 Nbd7 8. Be2 b6 9. Bf4 Bb7 10. Nfd2 Nxe4 11. Nxe4 Nf6 12. Nxf6+ Bxf6 13. Be3 Qe7 14. 0-0-0 Bg5 15. Rhg1 Bxe3+ 16. fxe3 c5 17. Bd3 g6 18. Be4 Rac8 19. Bxb7 Qxb7 20. g4 cxd4 21. Rxd4 b5 22. b3 Qa6 23. Kd2 bxc4 24. Rxc4 Rxc4 25. bxc4 Rc8 26. Rc1 Qd6+ 27. Ke1 Qe5 28. Qd2 0-1

[Event "ITA-ch U20 25th"]
[Site "Bratto"]
[Date "2002.08.27"]
[Round "8"]
[White "Bartolini, Marco"]
[Black "Navarro, Tommaso"]
[Result "1/2-1/2"]
[WhiteElo "1618"]
[BlackElo "1567"]
[PlyCount "95"]
[EventDate "2002.08.20"]
[EventType "swiss"]
[EventRounds "9"]
[EventCountry "ITA"]
[SourceTitle "EXT 2007"]
[Source "ChessBase"]
[SourceDate "2006.11.23"]
[SourceVersion "1"]
[SourceVersionDate "2006.11.23"]
[SourceQuality "1"]

1. d4 Nf6 2. Nf3 d5 3. Bg5 e6 4. Nbd2 Be7 5. e3 0-0 6. Bd3 Nfd7 7. Bxe7 Qxe7 8. e4 c5 9. c3 Nc6 10. 0-0 c4 11. Bc2 b5 12. e5 f6 13. exf6 Nxf6 14. Re1 a5 15. Ne5 Nxe5 16. Rxe5 Bd7 17. Nf3 Be8 18. Qe2 Bf7 19. Ng5 Rfe8 20. Bf5 Nd7 21. Bxh7+ Kf8 22. Nxf7 Qxf7 23. Rg5 Ke7 24. Rg3 Rh8 25. Bc2 Rh6 26. Qg4 Rg8 27. Re1 g5 28. Rh3 Nf6 29. Qg3 Rxh3 30. Qxh3 Rf8 31. Qg3 Kd7 32. h3 b4 33. Qxg5 Ne4 34. Qe3 Nxf2 35. Re2 Nd3 36. Bxd3 cxd3 37. Rf2 Qe7 38. Rxf8 Qxf8 39. Qxd3 bxc3 40. Qb5+ Kc8 41. Qc6+ Kb8 42. Qxc3 Qf4 43. b4 a4 44. g4 Qe4 45. a3 Qb1+ 46. Kh2 Qa2+ 47. Kg1 Qb3 48. Qc6 1/2-1/2

[Event "Padua Province-ch"]
[Site "Italy"]
[Date "2000.??.??"]
[Round "?"]
[White "Marcuzzo, Giorgio"]
[Black "Navarro, Tommaso"]
[Result "1-0"]
[WhiteElo "1492"]
[BlackElo "1482"]
[PlyCount "73"]
[EventDate "2000.??.??"]
[EventType "swiss"]
[EventRounds "6"]
[EventCountry "ITA"]
[SourceTitle "EXT 2024"]
[Source "ChessBase"]
[SourceDate "2023.10.10"]
[SourceVersion "1"]
[SourceVersionDate "2023.10.10"]
[SourceQuality "1"]

1. e4 e5 2. Nf3 Nc6 3. Bb5 a6 4. Ba4 Nf6 5. 0-0 b5 6. Bb3 d6 7. h3 Nxe4 8. Bd5 Qd7 9. Bxe4 d5 10. Re1 dxe4 11. Nxe5 Nxe5 12. Rxe4 Qd5 13. Nc3 Qd8 14. d4 Bb7 15. Rxe5+ Be7 16. Qe2 f6 17. Re6 b4 18. Na4 Kf7 19. Re3 g6 20. Bd2 Re8 21. Re1 a5 22. Nc5 Bxc5 23. Rxe8 Qxe8 24. Qc4+ Kg7 25. Rxe8 Rxe8 26. Qxc5 Kf7 27. Qxc7+ Re7 28. Qxa5 Be4 29. Bxb4 Rd7 30. Qc5 Ke6 31. c4 h5 32. d5+ Ke5 33. f3 f5 34. Bc3+ Kf4 35. fxe4 fxe4 36. Qf2+ Kg5 37. Bd2+ 1-0